Pediatric Skin of Color

Pediatric Skin of Color is the first textbook devoted to the issues of pediatric skin of color. In 2052, more than fifty percent of the United States will be of color, and currently seventy percent of the world's population is termed of color. Therefore, this book fills the need for an instruct...

Full description

Bibliographic Details
Corporate Author: SpringerLink (Online service)
Other Authors: Silverberg, Nanette B. (Editor), Durán-McKinster, Carola (Editor), Tay, Yong-Kwang (Editor)
Format: Electronic eBook
Language:English
Published: New York, NY : Springer New York : Imprint: Springer, 2015.
Subjects:
Online Access:Full Text via HEAL-Link
LEADER 02491nam a22004575i 4500
001 978-1-4614-6654-3
003 DE-He213
005 20150519175953.0
007 cr nn 008mamaa
008 150305s2015 xxu| s |||| 0|eng d
020 |a 9781461466543  |9 978-1-4614-6654-3 
024 7 |a 10.1007/978-1-4614-6654-3  |2 doi 
040 |d GrThAP 
050 4 |a RL1-803 
072 7 |a MJK  |2 bicssc 
072 7 |a MED017000  |2 bisacsh 
082 0 4 |a 616.5  |2 23 
245 1 0 |a Pediatric Skin of Color  |h [electronic resource] /  |c edited by Nanette B. Silverberg, Carola Durán-McKinster, Yong-Kwang Tay. 
264 1 |a New York, NY :  |b Springer New York :  |b Imprint: Springer,  |c 2015. 
300 |a XV, 473 p. 335 illus., 169 illus. in color.  |b online resource. 
336 |a text  |b txt  |2 rdacontent 
337 |a computer  |b c  |2 rdamedia 
338 |a online resource  |b cr  |2 rdacarrier 
347 |a text file  |b PDF  |2 rda 
520 |a Pediatric Skin of Color is the first textbook devoted to the issues of pediatric skin of color. In 2052, more than fifty percent of the United States will be of color, and currently seventy percent of the world's population is termed of color. Therefore, this book fills the need for an instructional and educational referebce work regarding these populations.  Pediatric Skin of Color discusses the biology and clinical data regarding normal skin, skin conditions exclusive to individuals of color, systemic diseases of individuals of color that have a strong component of skin involvement, and the appearance and demographics of common skin diseases, comparing Caucasian and all skin of color populations.  Written for dermatologists and pediatric dermatologists, this text includes data on African American, Asian (Southeast and East), Hispanic/Latino, and Middle Eastern patients, as well as Indigenous populations (i.e. Native Americans, Aborigines). 
650 0 |a Medicine. 
650 0 |a Dermatology. 
650 0 |a Pediatrics. 
650 1 4 |a Medicine & Public Health. 
650 2 4 |a Dermatology. 
650 2 4 |a Pediatrics. 
650 2 4 |a Biomedicine general. 
700 1 |a Silverberg, Nanette B.  |e editor. 
700 1 |a Durán-McKinster, Carola.  |e editor. 
700 1 |a Tay, Yong-Kwang.  |e editor. 
710 2 |a SpringerLink (Online service) 
773 0 |t Springer eBooks 
776 0 8 |i Printed edition:  |z 9781461466536 
856 4 0 |u http://dx.doi.org/10.1007/978-1-4614-6654-3  |z Full Text via HEAL-Link 
912 |a ZDB-2-SME 
950 |a Medicine (Springer-11650)